1098 1887 1477 1929 1453 1381 1977 1009 1526 1310 1912 1752 1455 1958 1342 1903 1065 1814 1865 1027 1911 1661 1401 1512 1133 1858 1407 1587 1817 1436 1806 1600 1127 1413 1157 1310 1850 1955 1640 1177 1288 1819 1644 1557 1951 1619 1332 1627 1634 1451 1481 1858 1732 1581 1278 1145 1792 1262 1370 1896 1813 1077 1735 1605 1745 1158 1818 1555 1829 1921 1894 1674 1029 1121 1755 1721 1532 1713 1502 1634 1373 1471 1809 1740 1162 1745 1725 1742 1354 1155 1880 1678 1673 1678 1708 1421 1103 1272 1920 BCNSPRNW ULIB Ver.6.0+V

เปลี่ยนเป็นภาษาไทย

Change to English
 แสดงรายละเอียดบรรณานุกรม
  กลับหน้าหลัก

Brief Record : Get Marc (ISO 2709) : E-mail record : QR code < ปิดหน้าต่าง
LEADER : 00000nam 2200000uu 4500
001    13399125520
003     ULIB
008    170621s2559||||th 000 0 tha d
020    ^a9786167388991
040    ^absi
060 04 ^aWS205^bC641
245 00 ^aClinical practices :^bemergency pediatrics : make it easy/^cบรรณาธิการ, สนิตรา ศิริธางกุล ... [และคนอื่นๆ]
246 30 ^aEmergency pediatrics :^bmake it easy
250    ^aพิมพ์ครั้งที่ 1
260    ^aกรุงเทพฯ :^bภาควิชากุมารเวชศาสตร์ วิทยาลัยแพทยศาสตร์พระมงกุฎเกล้า,^c2559
300    ^axiii, 328 หน้า :^bภาพประกอบ (สีบางภาพ) ;^c21 ซม.
505 0  ^aSupraventricular tachycardia -- Dendue shock sysdrome --Mechanical ventilation : initial settings and trouble-shooting guides -- Pediatric advanced life support 2015 --Hypertensive crisis in children and adolescents -- Acutekidney injury -- Neonatal stabilization andpostresuscitation care -- Foreigh body and caustic agnetingestion in children -- Acute liver failure -- Feedingdifficulty in younger children -- Common electrolytedisorders in pediatric emergency -- Current strategies ofdiabetic ketoacidosis management -- Adrenal crisis --Acute asthmatic attack -- Tramadol overdose -- How to dealwith aggressive child -- Developmental red flags --Encounter with attention deficit hyperactivity disorder --Hematologic emergencies in children -- Tumor lysissyndrome -- Leukapheresis -- Inborn errors of metabolism -- Drug hypersensitivity syndrome (DHS) -- Stevens-Johnsonsyndrome and toxic epidermal necrolysis
650  4 ^aกุมารเวชศาสตร์
650  4 ^aเด็ก, โรค
650  4 ^aภาวะฉุกเฉิน
700 0  ^aสนิตรา ศิริธางกุล,^eบรรณาธิการ
710 2  ^aวิทยาลัยแพทยศาสตร์พระมงกุฎเกล้า.^bภาควิชากุมารเวชศาสตร์
945    ^p0^l0^i002364
945    ^p0^l0^i002365
945    ^p0^l0^i002366
999    ^aวรรณษา ชูชัยมงคล
รายการนี้ยังไม่มีแท็ก
คุณยังไม่ได้ล็อกอิน คุณสามารถมีกิจกรรมร่วมกับเว็บไซต์ได้ แต่ต้องล็อกอินก่อน ::
  ล็อกอิน

รายการสื่อสารสนเทศ

ลำดับที่ ประเภท เลขเรียก/บาร์โค้ด สถานที่ สถานะ
1. วิทยาศาสตร์การแพทย์ และสุขภาพ
วิทยาศาสตร์การแพทย์ และสุขภาพ
สถานะ=หนังสือเก่า
WS205 C641 ฉ.1 
  Barcode: 002364
ห้องสมุดวิทยาเขตสวรรค์ประชารักษ์
►ส่วนจัดเก็บหนังสือเก่า สปร
บนชั้น
  ขอยืม
2. วิทยาศาสตร์การแพทย์ และสุขภาพ
วิทยาศาสตร์การแพทย์ และสุขภาพ
สถานะ=หนังสือเก่า
WS205 C641 ฉ.2 
  Barcode: 002365
ห้องสมุดวิทยาเขตสวรรค์ประชารักษ์
►ส่วนจัดเก็บหนังสือเก่า สปร
บนชั้น
  ขอยืม
3. วิทยาศาสตร์การแพทย์ และสุขภาพ
วิทยาศาสตร์การแพทย์ และสุขภาพ
สถานะ=หนังสือเก่า
WS205 C641 ฉ.3 
  Barcode: 002366
ห้องสมุดวิทยาเขตสวรรค์ประชารักษ์
►ส่วนจัดเก็บหนังสือเก่า สปร
บนชั้น
  ขอยืม

รายการใกล้เคียง
    หัวเรื่อง [กุมารเวชศาสตร์]
    หัวเรื่อง [เด็ก, โรค]
    หัวเรื่อง [ภาวะฉุกเฉิน]

BibComment


ยังไม่เคยถูกคอมเมนท์

คอมเมนท์ทรัพยากรรายการนี้
  คอมเมนท์: Clinical practic..


 Copyright 2026. Bcnsprnw @Library